[Event "YM"]
[Site "Zug SUI"]
[Date "2003.10.13"]
[Round "7"]
[White "Flumbort,A"]
[Black "Moor,O"]
[Result "1/2-1/2"]
[WhiteElo "2467"]
[BlackElo "2352"]

1.d4 d5 2.c4 c6 3.Nf3 Nf6 4.Nc3 a6 5.e3 b5 6.b3 Bg4 7.Be2 e6 8.O-O Nbd7 9.h3 Bh5
10.Bb2 Bd6 11.Ne5 Bxe2 12.Nxe2 Rc8 13.a4 bxc4 14.bxc4 O-O 15.Qd3 a5 16.Rfc1 Ne4
17.Qc2 Nxe5 18.dxe5 Bb4 19.Rd1 Qb6 20.Rac1 Qa6 21.Nf4 Qxc4 22.Qxc4 dxc4 23.Rxc4 Nc5
24.Bc3 Nxa4 25.Bxb4 axb4 26.Rxb4 Nc3 27.Rd6 Nd5 28.Rc4 Nxf4 29.exf4 c5 30.g4 g6
31.Kg2 Rc7 32.Rd3 f5 33.exf6 Rxf6 34.Re3 Rc6 35.Re5 Rf8 36.h4 Rfc8 37.h5 Kf7
38.Kg3 Kg7 39.Kh4 Kf6 40.f3 R8c7 41.Kg3 Rc8 42.Kf2 R8c7 43.Ke3 Rc8 44.Rg5 R8c7  1/2-1/2

[Event "1st Israel Int Op"]
[Site "Ashdod ISR"]
[Date "2003.10.15"]
[Round "7"]
[White "Huzman,A"]
[Black "Tyomkin,D"]
[Result "1-0"]
[WhiteElo "2574"]
[BlackElo "2476"]

1.Nf3 Nf6 2.c4 c6 3.Nc3 d5 4.d4 a6 5.a4 e6 6.Bg5 Nbd7 7.cxd5 exd5 8.e3 Be7
9.Bd3 O-O 10.Qc2 Re8 11.O-O Nf8 12.Ne5 Ng4 13.Bxe7 Qxe7 14.Nxg4 Bxg4 15.a5 Rad8
16.Rfe1 Bc8 17.f3 Qf6 18.Na4 Re7 19.Qf2 Ne6 20.Rad1 Rde8 21.Bc2 Rd8 22.b4 g6
23.Rd2 Kg7 24.Red1 Nc7 25.Nc5 Nb5 26.Bd3 Nc7 27.Re1 Ne6 28.Nb3 Nc7 29.Bb1 Nb5
30.Nc5 Ree8 31.Bd3 Nc7 32.Bf1 Ne6 33.Nb3 Qe7 34.Nc5 Nxc5 35.bxc5 Qc7 36.Ra2 Re7
37.Bd3 Re6 38.Bb1 Qe7 39.Ra3 Qf6 40.Qg3 Rde8 41.Kf2 h6 42.Rb3 R6e7 43.h4 Re6
44.Re2 R6e7 45.Bc2 Re6 46.Ke1 Qd8 47.Ra3 Qf6 48.Kd1 R6e7 49.Kc1 Re6 50.Qf2 R6e7
51.g4 Qe6 52.Qg3 Qd7 53.Kd2 Qc7 54.Qxc7 Rxc7 55.Ra1 Rce7 56.Rg1 Be6 57.Rg3 f6
58.f4 g5 59.Rh2 Rh8 60.Rg1 Bc8 61.fxg5 fxg5 62.Bd1 Ree8 63.Rgh1 Be6 64.Be2 Bf7
65.hxg5 hxg5 66.Rxh8 Rxh8 67.Rb1 Rh2 68.Rxb7 Kf8 69.Rb6 Be6 70.Kd3 Ke7 71.Rxa6  1-0

[Event "300 Years"]
[Site "St Petersburg RUS"]
[Date "2003.10.19"]
[Round "2"]
[White "Tunik,G"]
[Black "Burmakin,V"]
[Result "0-1"]
[WhiteElo "2482"]
[BlackElo "2590"]

1.d4 c6 2.c4 d5 3.Nf3 Nf6 4.Nc3 a6 5.a4 e6 6.Bg5 Nbd7 7.a5 h6 8.Bxf6 Qxf6
9.Qb3 Bd6 10.g3 g5 11.cxd5 exd5 12.Rd1 Bc7 13.Qa3 Nf8 14.Bg2 Bf5 15.O-O Ne6
16.Rfe1 O-O-O 17.e4 dxe4 18.Nxe4 Bxe4 19.Rxe4 Qf5 20.Qe3 Nc5 21.Re7 Bd6 22.Re5 Bxe5
23.Nxe5 Rhe8 24.Bf3 Kc7 25.Rc1 Nd3 26.Rc3 Nxe5 27.dxe5 Qb1+ 28.Kg2 Qxb2 29.Bh5 Re7
30.Qc5 Red7 31.e6 Rd5 32.Qe7+ Kb8 33.Rxc6 bxc6 34.exf7 Qh8 35.Qe6 Qd4 36.Qxc6 Qc5
37.Qxa6 Rf5 38.Qe2 Qd5+ 39.Kh3 Rxf7 40.Bxf7 Qxf7 41.Qb2+ Qb7 42.Qf6 Qd7+
43.Kg2 Qd6 44.Qc3 Kb7 45.Kg1 Qc6 46.Qb3+ Ka6 47.h3 Kxa5 48.Kh2 Ka6 49.Qb4 Rd6
50.Qb3 Qb6 51.Qa4+ Kb7 52.Qe4+ Qc6 53.Qe7+ Kc8 54.Qf8+ Rd8 55.Qf7 Re8 56.Qf5+ Re6
57.Qf8+ Kd7 58.Qg7+ Re7 59.Qd4+ Qd6 60.Qa4+ Ke6 61.h4 Kf6 62.hxg5+ hxg5 63.Qc2 Qd5
64.Qc3+ Kg6 65.Kg1 Qe5 66.Qc6+ Kg7 67.Qb6 Kh7 68.Kh2 Rf7 69.Kg1 Qe1+ 70.Kg2 Qe4+
71.Kh2 Qf3  0-1

[Event "EuTCh w"]
[Site "Plovdiv BUL"]
[Date "2003.10.20"]
[Round "9"]
[White "Vasilevich,T"]
[Black "Foisor,C"]
[Result "1/2-1/2"]
[WhiteElo "2425"]
[BlackElo "2398"]

1.d4 d5 2.c4 c6 3.Nf3 Nf6 4.Nc3 a6 5.c5 Nbd7 6.h3 b6 7.b4 a5 8.b5 Bb7 9.cxb6 e6
10.e3 c5 11.Be2 cxd4 12.Nxd4 Bb4 13.Bd2 O-O 14.O-O Nxb6 15.a3 Bd6 16.Qb3 Bc7
17.Rfc1 Qd6 18.g3 Rfc8 19.Na4 Ne4 20.Be1 Nxa4 21.Qxa4 Bb6 22.Bf3 Nc5 23.Qd1 g6
24.Nb3 Nd7 25.Rxc8+ Bxc8 26.Kh2 Bb7 27.Bc3 a4 28.Bb4 Qb8 29.Nd4 Bc5 30.Rb1 Qd6
31.Bg2 h5 32.Kg1 Nb6 33.Nc2 Bxb4 34.Rxb4 Rc8 35.Nd4 Rc3 36.Qa1 Qc5 37.Ne2 Rb3
38.Rxb3 axb3 39.Nd4 Qc7 40.Nxb3 Na4 41.Qd4 Qc4 42.Qxc4 dxc4 43.Nd4 Bxg2 44.Kxg2 Kf8
45.Kf1 Ke7 46.Ke1 Kd6 47.Kd2 Kc5 48.Kc2 Nb6 49.h4 e5 50.Nc6 f6 51.Ne7 g5
52.Ng8 gxh4 53.gxh4 Nd7 54.a4 Kb4 55.b6 Nxb6 56.Nxf6 Nxa4 57.Nxh5 Nc5 58.Nf6 Nd3
59.Ne4 Ne1+ 60.Kd1 Nf3 61.h5 Nh4 62.h6 Kb3 63.h7 Ng6 64.Kc1 c3 65.Nc5+ Kc4
66.Nd7 Kb3 67.Nf8 Nh8 68.f4 exf4 69.exf4 Kc4 70.f5 Kd5 71.Ng6 Nf7 72.Kc2 Ke4
73.Nh4 Kf4 74.Kxc3 Kg5 75.Kd4 Kxh4 76.Kd5 Kg4 77.Ke6 Ng5+ 78.Ke7 Nxh7  1/2-1/2

[Event "EuTCh w"]
[Site "Plovdiv BUL"]
[Date "2003.10.20"]
[Round "9"]
[White "Maric,A"]
[Black "Hunt,H"]
[Result "1/2-1/2"]
[WhiteElo "2433"]
[BlackElo "2402"]

1.d4 d5 2.c4 c6 3.Nf3 Nf6 4.Nc3 a6 5.c5 Nbd7 6.h3 b6 7.b4 a5 8.b5 Bb7 9.cxb6 e6
10.e3 c5 11.Be2 cxd4 12.Nxd4 Bb4 13.Bd2 O-O 14.O-O Nxb6 15.a3 Bd6 16.Qb3 Bc7
17.Rfc1 Qd6 18.g3 Rfc8 19.Na4 Ne4 20.Be1 Nxa4 21.Qxa4 Bb6 22.Bf3 Nc5 23.Qd1 g6
24.Nb3 Nd7 25.Rxc8+ Bxc8 26.Kh2 Bb7 27.Bc3 a4 28.Bb4 Qb8 29.Nd4 Bc5 30.Rb1 Qd6
31.Bg2 h5 32.Kg1 Nb6 33.Nc2 Bxb4 34.Rxb4 Rc8 35.Nd4 Rc3 36.Qa1 Qc5 37.Ne2 Rb3
38.Rxb3 axb3 39.Nd4 Qc7 40.Nxb3 Na4 41.Qd4 Qc4 42.Qxc4 dxc4 43.Nd4 Kf8 44.Kf1 Ke7
45.Ke1 Kd6 46.Kd2 Kc5 47.Kc2 Nb6 48.h4 e5 49.Nc6 f6 50.Ne7 g5 51.Ng8 gxh4
52.gxh4 Nd7 53.a4 Kb4 54.b6 Nxb6 55.Nxf6 Nxa4 56.Nxh5 Nc5 57.Nf6 Nd3 58.Ne4 Ne1+
59.Kd1 Nf3 60.h5 Nh4 61.h6 Kb3 62.h7 Ng6 63.Kc1 c3 64.Nc5+ Kc4 65.Nd7 Kb3
66.Nf8 Nh8 67.f4 exf4 68.exf4 Kc4 69.f5 Nf7 70.Ng6 Ng5  1/2-1/2

[Event "After Holidays IM"]
[Site "Tel Aviv ISR"]
[Date "2003.10.20"]
[Round "2"]
[White "Eljanov,V"]
[Black "Ettinger,A"]
[Result "1/2-1/2"]
[WhiteElo "2419"]
[BlackElo "2189"]

1.d4 d5 2.c4 c6 3.Nc3 Nf6 4.Nf3 a6 5.e3 b5 6.b3 Bg4 7.Be2 e6 8.O-O Be7 9.Bb2 Nbd7
10.Nd2 Bxe2 11.Qxe2 bxc4 12.bxc4 dxc4 13.Nxc4 c5 14.dxc5 Nxc5 15.Rfd1 Qc7
16.Rac1 O-O 17.Qf3 Rad8 18.Ne2 Rxd1+ 19.Rxd1 Rd8 20.Rxd8+ Qxd8 21.Bd4 Qd5
22.Qxd5 Nxd5 23.Ne5 Bd6 24.Nc4 Be7 25.h3 f5 26.Nc1 Ne4 27.Nd3 Nec3 28.a3 g5
29.Kf1 h5 30.Ke1 h4 31.Nde5 Nb5 32.Bb2 Nd6 33.Bd4 Nxc4 34.Nxc4 Kh7 35.Ke2 Kg6
36.a4 Bf6 37.Kd3 Nb4+ 38.Kd2 Nc6 39.Bc3 Bxc3+ 40.Kxc3 Kf6  1/2-1/2

[Event "300 Years Women"]
[Site "St Petersburg RUS"]
[Date "2003.10.21"]
[Round "4"]
[White "Shumiakina,T"]
[Black "Molchanova,T"]
[Result "1-0"]
[WhiteElo "2355"]
[BlackElo "2273"]

1.d4 d5 2.c4 c6 3.Nf3 Nf6 4.Nc3 a6 5.c5 Nbd7 6.h3 Qc7 7.Bg5 e5 8.e3 Be7 9.Be2 O-O
10.O-O Re8 11.Qc2 e4 12.Bf4 Qd8 13.Nd2 Nf8 14.b4 h6 15.a4 g5 16.Bh2 Ng6 17.f3 exf3
18.Nxf3 Be6 19.Bd3 Nf8 20.Ne5 N6d7 21.Bf5 Bf6 22.Ng4 Bg7 23.Bd6 h5 24.Nh2 Bxf5
25.Qxf5 Qf6 26.Qxf6 Nxf6 27.Kf2 Re6 28.Nf3 Rae8 29.Rae1 Bh6 30.Bxf8 Kxf8
31.Ne5 R8e7 32.Ke2 Ke8 33.Kd3 g4 34.e4 dxe4+ 35.Nxe4 Nxe4 36.Rxe4 gxh3 37.gxh3 Bg7
38.Nxf7 Kd7 39.Nd6 Bf6 40.Rxe6 Rxe6 41.Nxb7 Bg5 42.Rf7+ Ke8 43.Rf5 Re3+ 44.Kc4 Bh4
45.Re5+ Rxe5 46.dxe5 Bg3 47.Na5 Kd7 48.e6+ Kxe6 49.Nxc6 Kf5 50.Ne7+ Kg5 51.b5  1-0

[Event "300 Years"]
[Site "St Petersburg RUS"]
[Date "2003.10.21"]
[Round "4"]
[White "Ulibin,M"]
[Black "Bryzgalin,K"]
[Result "1-0"]
[WhiteElo "2570"]
[BlackElo "2435"]

1.d4 d5 2.c4 c6 3.Nf3 Nf6 4.Nc3 a6 5.Ne5 e6 6.Bf4 Be7 7.e3 O-O 8.Bd3 b5 9.cxb5 cxb5
10.O-O Bb7 11.a4 b4 12.Nb1 Nc6 13.Nd2 Na5 14.Rc1 Rc8 15.Qe2 Qb6 16.Bg5 Qd6
17.Bf4 Qb6 18.Bg5 Qd6 19.Rxc8 Rxc8 20.Bxf6 Bxf6 21.Bxh7+ Kxh7 22.Qh5+ Kg8
23.Qxf7+ Kh7 24.Qg6+ Kg8 25.Qf7+ Kh7 26.f4 Rf8 27.Qh5+ Kg8 28.Ndf3 Nc4 29.g4 Nxe3
30.g5 Bxe5 31.fxe5 Qb6 32.g6 Rf4 33.Qh7+ Kf8 34.Qh8+ Ke7 35.Qxg7+ Ke8 36.Qh8+ Kd7
37.Qh7+ Kc6 38.Rc1+ Nc4 39.g7 Rxd4 40.Kh1 Rg4 41.g8=Q Rxg8 42.Qxg8 Kc7 43.Qg1 Qc6
44.b3 Kb8 45.Nd4 Qb6 46.Qf2 Ka8 47.Qf4 Qc7 48.h4 Qh7 49.Kh2 Nb2 50.Nc6 Bxc6
51.Rxc6 Kb7 52.Rxe6 Qc2+ 53.Kg1 Qd1+ 54.Kg2 Qe2+ 55.Kg3 Qe1+ 56.Kg4 Qd1+
57.Kg5  1-0

[Event "After Holidays GM"]
[Site "Tel Aviv ISR"]
[Date "2003.10.21"]
[Round "3"]
[White "Lerner,K"]
[Black "Kreizberg,M"]
[Result "1/2-1/2"]
[WhiteElo "2524"]
[BlackElo "2329"]

1.d4 d5 2.c4 c6 3.Nf3 Nf6 4.Nc3 a6 5.a4 e6 6.Bg5 Be7 7.e3 a5 8.Be2 O-O 9.O-O Na6
10.Qb1 h6 11.Bh4 Nb4 12.e4 b6 13.e5 Ne8 14.Bxe7 Qxe7 15.b3 Ba6 16.cxd5 cxd5
17.Bxa6 Rxa6 18.Qd1 Nc7 19.Rc1 Raa8  1/2-1/2

[Event "300 Years"]
[Site "St Petersburg RUS"]
[Date "2003.10.22"]
[Round "5"]
[White "Gleizerov,E"]
[Black "Alavkin,A"]
[Result "1/2-1/2"]
[WhiteElo "2574"]
[BlackElo "2485"]

1.d4 d5 2.c4 c6 3.Nf3 Nf6 4.Nc3 a6 5.Ne5 Nbd7 6.Bf4 dxc4 7.Nxc4 b5 8.Ne5 Bb7
9.e3 e6 10.Be2 c5 11.O-O cxd4 12.exd4 Bb4 13.a4 Bxc3 14.bxc3 Nd5 15.Qd2 O-O
16.Bf3 Nxf4 17.Bxb7 Qg5 18.Qe3 Nxe5 19.dxe5 Rab8 20.Be4 Kh8 21.g3  1/2-1/2

[Event "After Holidays IM"]
[Site "Tel Aviv ISR"]
[Date "2003.10.22"]
[Round "4"]
[White "Lymar,I"]
[Black "Ettinger,A"]
[Result "0-1"]
[WhiteElo "2392"]
[BlackElo "2189"]

1.d4 d5 2.Nf3 Nf6 3.c4 c6 4.Nc3 a6 5.c5 Nbd7 6.Bf4 Nh5 7.Bd2 Nhf6 8.e3 e5
9.dxe5 Ne4 10.e6 Ndxc5 11.exf7+ Kxf7 12.Nxe4 Nxe4 13.Bd3 Nxd2 14.Qxd2 Bd6
15.h4 h6 16.h5 Rf8 17.Bc2 Qf6 18.O-O-O Kg8 19.Nd4 c5 20.Nf3 Be6 21.Kb1 Rad8
22.Qd3 b5 23.Qh7+ Kf7 24.e4 dxe4 25.Qxe4 Bf4 26.Rhe1 Bg4 27.Rd5 Rfe8 28.Qg6+ Qxg6
29.Bxg6+ Kf6 30.Rxe8 Rxd5 31.Rf8+ Ke7 32.Rxf4 Bxh5 33.Bxh5 Rxh5 34.Kc2 g5
35.Rf5 c4 36.Nd4 Rh2 37.g3 g4 38.Kc3 h5 39.a4 bxa4 40.Kxc4 h4 41.gxh4 Rxh4
42.Rf4 Rh2 43.Re4+ Kd7 44.Re2 Rh3 45.Nc2 g3 46.fxg3 Rxg3 47.Re3 Rg4+ 48.Nd4 Rg2
49.Re2 Rg4 50.Rd2 Kd6 51.Rd3 Rg2 52.Kc3 Kc5 53.Nc2 Rg4 54.Rh3 Rc4+ 55.Kd3 Rg4
56.Rh5+ Kb6 57.Ne3 Rg3 58.Re5 Rh3 59.Kc3 Kc6 60.Kb4 Rh4+ 61.Nc4 Rd4 62.Rc5+ Kb7
63.Kxa4 Rh4 64.Kb4 Rh1 65.Rg5 Ra1  0-1

[Event "WYb16"]
[Site "Halkidiki GRE"]
[Date "2003.10.23"]
[Round "1"]
[White "Gerzhoy,L"]
[Black "Dignam,M"]
[Result "1-0"]
[WhiteElo "2423"]
[BlackElo "2167"]

1.Nf3 d5 2.d4 Nf6 3.c4 c6 4.Nc3 a6 5.c5 Nbd7 6.Bf4 e6 7.h3 Be7 8.e3 O-O 9.Bd3 Re8
10.O-O Bxc5 11.dxc5 e5 12.Nxe5 Nxe5 13.Bc2 Ng6 14.Bg3 Be6 15.Qd4 Ne7 16.Bh4 Nf5
17.Bxf5 Bxf5 18.Bxf6 Qxf6 19.Qxf6 gxf6 20.b4 Rac8 21.Rfd1 Kg7 22.Ne2 Re7
23.Rd4 Bg6 24.Rf4 Re4 25.Rxe4 Bxe4 26.Nd4 Kg6 27.g4 Re8 28.f3 Bd3 29.Kf2 a5
30.a3 Ra8 31.Nb3 axb4 32.axb4 Rxa1 33.Nxa1 f5 34.Kg3 fxg4 35.hxg4 h5 36.gxh5+ Kxh5
37.Kf4 f6 38.Nb3 Kg6 39.Nd4 Kf7 40.Kg3 f5 41.f4 Kf6 42.Kh4 Kg6 43.Kg3 Kf6
44.Kf2 Ke7 45.Ke1 Kd7 46.Kd2 Be4 47.Kc3 Kc7 48.Nb3 b6 49.Kd4 Bc2 50.Nd2 Kb7
51.Ke5 bxc5 52.bxc5 Ka6 53.Nf3  1-0

[Event "300 Years"]
[Site "St Petersburg RUS"]
[Date "2003.10.24"]
[Round "7"]
[White "Iljushin,A"]
[Black "Kozlov,R"]
[Result "1-0"]
[WhiteElo "2553"]
[BlackElo "2227"]

1.d4 d5 2.c4 c6 3.Nf3 Nf6 4.Nc3 a6 5.c5 Nbd7 6.Bf4 Nh5 7.e3 g6 8.Bd3 Bg7
9.O-O O-O 10.Bg5 Re8 11.Nd2 b6 12.cxb6 Qxb6 13.Na4 Qa7 14.Rc1 Bb7 15.Nb3 e5
16.Be2 Nhf6 17.dxe5 Ne4 18.Bf4 Bxe5 19.Bxe5 Rxe5 20.Qd4 Qxd4 21.exd4 Ng3
22.hxg3 Rxe2 23.Na5 Rb8 24.Rfe1 Rxe1+ 25.Rxe1 Kf8 26.a3 Nf6 27.f3 Nh5 28.g4 Nf4
29.Nc5 Bc8 30.b4 Rb6 31.Na4 Rb5 32.Nxc6 Ne6 33.Nc5 Rb6 34.Na7  1-0

[Event "WYb18"]
[Site "Halkidiki GRE"]
[Date "2003.10.25"]
[Round "3"]
[White "Tikkanen,H"]
[Black "Kuljasevic,D"]
[Result "1/2-1/2"]
[WhiteElo "2371"]
[BlackElo "2429"]

1.d4 d5 2.c4 c6 3.Nf3 Nf6 4.Nc3 a6 5.cxd5 cxd5 6.Bg5 e6 7.e3 b5 8.Bd3 Bb7
9.O-O Be7 10.Ne5 Nbd7 11.f4 O-O 12.Qf3 Nb6 13.f5 Ne4 14.Bxe7 Qxe7 15.Nxe4 dxe4
16.Bxe4 Bxe4 17.Qxe4 exf5 18.Qxf5 f6 19.Ng4 Nc4 20.Rf3 g6 21.Qd5+ Kg7 22.b3 Rad8
23.Qc5 Qxc5 24.dxc5 h5 25.bxc4 hxg4 26.Rf4 b4 27.Rxg4 Rd3 28.Re4 Rc8 29.Re7+ Kh6
30.Re6 Rxc5 31.Rxa6 Rxe3 32.Rxf6 Rxc4 33.Rb1 Re2 34.Rf2 Rxf2 35.Kxf2 Rc2+
36.Kf3 Rxa2 37.Rxb4 Ra3+ 38.Ke4  1/2-1/2

[Event "3rd Rohde Open"]
[Site "Sautron FRA"]
[Date "2003.10.26"]
[Round "2"]
[White "Stocek,J"]
[Black "Berthelot,Y"]
[Result "1-0"]
[WhiteElo "2545"]
[BlackElo "2331"]

1.d4 d5 2.c4 c6 3.Nf3 Nf6 4.Nc3 a6 5.h3 dxc4 6.a4 Bf5 7.e3 e6 8.Bxc4 h6 9.Qb3 Qc7
10.O-O Nbd7 11.Re1 Be7 12.e4 Bh7 13.Bd2 O-O 14.a5 e5 15.dxe5 Nxe5 16.Nxe5 Qxe5
17.Qxb7 Rab8 18.Qxc6 Rfc8 19.Qxa6 Qd4 20.Bf4 Ra8 21.Qb7 Qxc4 22.Qxe7 Re8
23.Qb7 Nxe4 24.Ra4  1-0

[Event "3rd Rohde Open"]
[Site "Sautron FRA"]
[Date "2003.10.27"]
[Round "3"]
[White "Korobov,A"]
[Black "Delorme,Ax"]
[Result "1-0"]
[WhiteElo "2558"]
[BlackElo "2090"]

1.d4 d5 2.c4 c6 3.Nf3 Nf6 4.Nc3 a6 5.Bg5 Ne4 6.h4 h6 7.Bf4 Nxc3 8.bxc3 dxc4
9.g3 b5 10.Bg2 Bb7 11.Ne5 e6 12.O-O Bd6 13.e4 O-O 14.Qg4 Kh8 15.Rad1 Qe7
16.Qh5 Kg8 17.g4 Nd7 18.g5 hxg5 19.hxg5 Bxe5 20.dxe5 g6 21.Qh4 Nc5 22.Be3 Rfd8
23.Rd6 Na4 24.f4 c5 25.Rf3 Qf8 26.Rh3 Qg7 27.f5 exf5 28.exf5 gxf5 29.Rh6 Kf8
30.Bxb7 Rab8 31.g6  1-0

[Event "18th Open"]
[Site "Le Touquet FRA"]
[Date "2003.10.29"]
[Round "4"]
[White "Horvath,P1"]
[Black "Houdart,D"]
[Result "0-1"]
[WhiteElo "2457"]
[BlackElo "2184"]

1.d4 d5 2.c4 c6 3.Nf3 Nf6 4.Nc3 a6 5.c5 g6 6.Bf4 Nh5 7.e3 Nxf4 8.exf4 Bg7
9.Be2 Nd7 10.O-O O-O 11.Rc1 Re8 12.b4 Qc7 13.g3 f6 14.Qc2 e5 15.f5 Nf8 16.fxg6 hxg6
17.dxe5 Bf5 18.Qb3 fxe5 19.Nh4 Ne6 20.Nxf5 gxf5 21.Bh5 Re7 22.Qd1 e4 23.Bg6 Bxc3
24.Rxc3 Qe5 25.Ra3 Rg7 26.Qh5 Qf6  0-1

[Event "Curacao Open"]
[Site "Willemstad AHO"]
[Date "2003.10.29"]
[Round "5"]
[White "Essing,A"]
[Black "Straub,P"]
[Result "1-0"]
[WhiteElo "2253"]
[BlackElo "2128"]

1.d4 Nf6 2.Nf3 d5 3.c4 c6 4.Nc3 a6 5.a4 Bf5 6.Qb3 Ra7 7.Bf4 e6 8.Nh4 Bg6
9.Nxg6 hxg6 10.e3 Nbd7 11.h3 Be7 12.Be2 O-O 13.O-O b6 14.Rfe1 dxc4 15.Bxc4 c5
16.d5 exd5 17.Nxd5 Nxd5 18.Bxd5 Nf6 19.Bc4 Nd7 20.Red1 Qc8 21.Rd2 Qc6 22.Bd5 Qf6
23.Rad1 Bd8 24.Bc4 Qc6 25.Bd6  1-0

[Event "Open"]
[Site "Bastia FRA"]
[Date "2003.10.30"]
[Round "7"]
[White "Grigore,Ge"]
[Black "Epishin,V"]
[Result "1/2-1/2"]
[WhiteElo "2485"]
[BlackElo "2658"]

1.d4 Nf6 2.c4 c6 3.Nc3 d5 4.Nf3 a6 5.e3 g6 6.Be2 Bg7 7.O-O O-O 8.cxd5 cxd5
9.Ne5 e6 10.Bd2 Nbd7 11.Nd3 Ne4 12.Rc1 Nxd2 13.Qxd2 Nf6 14.Na4 a5 15.Qc2 Bd7
16.Ne5 Bxa4 17.Qxa4 Qb6 18.Qb5 Qxb5 19.Bxb5 Ne4 20.Rc7 Nd6 21.Bd7 Bf6 22.Rfc1 Bd8
23.R7c3 Kg7 24.a4 Kf6 25.Rb3 Rh8 26.Ra1  1/2-1/2

[Event "3rd Rohde Open"]
[Site "Sautron FRA"]
[Date "2003.10.31"]
[Round "7"]
[White "Korobov,A"]
[Black "Berthelot,Y"]
[Result "1-0"]
[WhiteElo "2558"]
[BlackElo "2331"]

1.d4 d5 2.c4 c6 3.Nf3 Nf6 4.Nc3 a6 5.e3 Bf5 6.Be2 h6 7.Qb3 Ra7 8.Ne5 e6 9.O-O Be7
10.f4 dxc4 11.Qd1 c5 12.Bxc4 Nc6 13.d5 exd5 14.Nxd5 O-O 15.Nxf6+ Bxf6 16.Qh5 Bxe5
17.Qxf5 Bf6 18.Qxc5 Ra8 19.Qh5 Qb6 20.Rb1 Nd4 21.b3 Nc2 22.Qe2 Nb4 23.Kh1 Qc6
24.Ba3 Be7 25.e4 Rae8 26.Rbc1 Qb6 27.Bb2 Nxa2 28.Rcd1 Nb4 29.Qg4 Bf6 30.e5 h5
31.Qxh5 Be7 32.e6 fxe6 33.Qg6  1-0

[Event "Autumn"]
[Site "Venice ITA"]
[Date "2003.11.01"]
[Round "3"]
[White "Rossi,D"]
[Black "Opacic,A"]
[Result "1-0"]
[WhiteElo "2029"]
[BlackElo "2088"]

1.d4 d5 2.c4 c6 3.Nc3 Nf6 4.Nf3 a6 5.a4 e6 6.Bd2 Bb4 7.e3 O-O 8.Be2 Nbd7
9.O-O Re8 10.Qb3 Qe7 11.Nxd5 Nxd5 12.cxd5 Bxd2 13.dxe6 Qxe6 14.Qxe6 Rxe6
15.Nxd2 Re7 16.Nc4 Nf6 17.Nb6 Rb8 18.Nxc8 Rxc8 19.Bf3 Nd5 20.Rac1 Rd8 21.Rfd1 Kf8
22.Bxd5 Rxd5 23.Rc5 Rxc5 24.dxc5 Re5 25.Rd8+ Ke7 26.Rb8 Rxc5 27.Rxb7+ Ke6
28.Kf1 Rc2 29.b4 h5 30.Rb6 Kd5 31.Rxa6 Ke4 32.Ra7 f6 33.Rd7 g5 34.a5 Ra2
35.Rd6 c5 36.bxc5 Rxa5 37.Rd4+ Ke5 38.Rc4 Kd5 39.Rc1 Kc6 40.Rc2 g4 41.Ke2 Ra1
42.Kd3 Rh1 43.f3 Rxh2 44.fxg4 hxg4 45.Ke4 Rh5 46.Kf4 Rg5 47.g3 Rg8 48.Kf5 Rg5+
49.Kxf6 Rh5 50.e4 Rh1 51.Kg5 Re1 52.Rc4 Kb5 53.c6 Kxc4 54.c7 Rxe4 55.c8=Q+ Kd4
56.Qxg4 Rxg4+ 57.Kxg4 Ke5 58.Kg5 Ke6 59.Kg6 Ke7 60.g4 Kf8 61.Kh7  1-0

[Event "FSGM November"]
[Site "Budapest HUN"]
[Date "2003.11.02"]
[Round "2"]
[White "Hoang Thanh Trang"]
[Black "Ionescu,M"]
[Result "1-0"]
[WhiteElo "2463"]
[BlackElo "2366"]

1.d4 d5 2.c4 c6 3.Nf3 Nf6 4.Nc3 a6 5.e3 b5 6.b3 Bg4 7.Be2 Nbd7 8.O-O e6 9.h3 Bf5
10.Bb2 Be7 11.Rc1 O-O 12.Bd3 Qb8 13.Bxf5 exf5 14.cxd5 cxd5 15.Ne2 Bd6 16.Rc6 Re8
17.Qd2 Ne4 18.Qa5 Qb7 19.Rfc1 Rec8 20.Rxc8+ Rxc8 21.Ne5 Rxc1+ 22.Nxc1 Bc7
23.Qb4 Bd6 24.Qe1 Nf8 25.f3 Nf6 26.Ncd3 N6d7 27.Qc1 Bxe5 28.dxe5 Ne6 29.Bd4 g6
30.Qa3 Nxd4 31.exd4 Qb6 32.Nc5 Nxc5 33.dxc5 Qc6 34.b4 f4 35.Qa5 Qe6 36.Qd8+ Kg7
37.Qd6 Qf5 38.c6 Kh6 39.Qxd5 Qb1+ 40.Kh2 Qc1 41.Qxf7 g5 42.h4 gxh4 43.c7  1-0

[Event "WYg18"]
[Site "Halkidiki GRE"]
[Date "2003.11.02"]
[Round "11"]
[White "Gerasimovitch,O"]
[Black "Czaeczine,A"]
[Result "0-1"]
[WhiteElo "2264"]
[BlackElo "2141"]

1.d4 d5 2.c4 c6 3.Nf3 Nf6 4.Nc3 a6 5.a4 e6 6.Bg5 Nbd7 7.a5 Bb4 8.Qa4 Be7
9.e3 O-O 10.Bd3 c5 11.O-O cxd4 12.exd4 dxc4 13.Qxc4 b5 14.axb6 Nxb6 15.Qb3 h6
16.Be3 Nbd5 17.Ne5 Bd6 18.Nxd5 Nxd5 19.Bc2 Nb4 20.Be4 Rb8 21.Bc1 Qc7 22.Qc3 Bb7
23.Qxc7 Bxc7 24.Bxb7 Rxb7 25.Bd2 a5 26.Rfc1 Bxe5 27.dxe5 Nd3 28.Rcb1 Rxb2
29.Rxb2 Nxb2 30.Bxa5 Ra8 31.g3 g5 32.Kg2 g4 33.Rb1 Rxa5 34.Rxb2 Rxe5 35.Rb4 h5
36.h3 f5 37.hxg4 hxg4 38.Rb7 Kf8 39.Kf1 Ke8 40.f3 gxf3 41.Kf2 Rd5 42.Kxf3 Rd7
43.Rb5 Rd4 44.Rb7 Rg4 45.Ra7 Kf8 46.Rb7 Rg7 47.Rb4 e5 48.Rb5 Re7  0-1

[Event "ch-UKR"]
[Site "Simferopol UKR"]
[Date "2003.11.05"]
[Round "2"]
[White "Ajrapetjan,Y"]
[Black "Sumets,A"]
[Result "0-1"]
[WhiteElo "2271"]
[BlackElo "2467"]

1.d4 d5 2.c4 c6 3.Nf3 Nf6 4.Nc3 a6 5.a4 e6 6.e3 Nbd7 7.Bd3 Bb4 8.O-O O-O
9.Bd2 Qe7 10.Qb3 a5 11.Rfe1 e5 12.e4 dxc4 13.Bxc4 exd4 14.e5 dxc3 15.bxc3 Bc5
16.exf6 Qxf6 17.Bg5 Qg6 18.Rad1 Nf6 19.Bd3 Qh5 20.Qc4 b6 21.Bxf6 gxf6 22.Qf4 f5
23.Ne5 Kg7 24.Bc4 Qh6 25.Qg3+ Kf6 26.Ng4+ fxg4 27.Qe5+ Kg6 28.Bd3+ f5 29.Qc7 Qg7
30.Qxc6+ Kg5 31.Be4 fxe4 32.Rd5+ Bf5 33.Rxe4 Qxc3 34.h4+ gxh3 35.Kh2 hxg2
36.Re3 g1=Q+ 37.Kxg1 Qc1+ 38.Kh2 Bxe3 39.Rxf5+ Kxf5  0-1

[Event "ch-UKR"]
[Site "Simferopol UKR"]
[Date "2003.11.08"]
[Round "5"]
[White "Dmitrenko,V"]
[Black "Garifulin,A"]
[Result "1-0"]
[WhiteElo "2380"]
[BlackElo "2261"]

1.d4 d5 2.Nf3 Nf6 3.c4 c6 4.Nc3 a6 5.c5 g6 6.Bf4 Bg7 7.e3 O-O 8.h3 Bf5 9.Qb3 Qc8
10.Be2 Nbd7 11.O-O Ne4 12.Na4 f6 13.Rad1 Be6 14.Bh2 Bf7 15.Nd2 Nxd2 16.Rxd2 Re8
17.a3 Kh8 18.e4 Kg8 19.Re1 Kf8 20.exd5 cxd5 21.Bf3 Qc6 22.Nc3 e6 23.Qd1 Kg8
24.b4 b6 25.Bg3 f5 26.Rd3 Bf6 27.Qa4 Rec8 28.Qxc6 Rxc6 29.Na4 g5 30.Bd6 Rac8
31.Rdd1 b5 32.Nb2 Rxd6 33.cxd6 Nb6 34.Nd3 Rd8 35.Nc5 Rxd6 36.Nxa6 Nc4 37.Nc5 Kg7
38.Re2 Kf8 39.Ra2 Be8 40.Be2 Ke7 41.Kf1 Rd8 42.a4 bxa4 43.Nxa4 Ra8 44.Nc3 Rxa2
45.Nxa2 Ba4 46.Rd3 Kd6 47.Ke1 Bc2 48.Rc3 Bb1 49.Bxc4 dxc4 50.Nc1 Kd5 51.Ne2 Be7
52.b5 Bb4 53.Kd1 Bd3 54.Rc1 f4 55.f3 h5 56.h4 c3 57.Nxc3+ Kxd4 58.b6 Ba6
59.hxg5 Ke5 60.Ne2 Kf5 61.b7 Bd6 62.Rc6 Bxb7 63.Rxd6 h4 64.Ng1 Bd5 65.Nh3 Bc4
66.Ke1  1-0

[Event "TCh-CZE Extraliga 2003-4"]
[Site "Czech Rep CZE"]
[Date "2003.11.09"]
[Round "2"]
[White "Babula,V"]
[Black "Jirovsky,M"]
[Result "1/2-1/2"]
[WhiteElo "2567"]
[BlackElo "2521"]

1.d4 d5 2.c4 c6 3.Nf3 Nf6 4.Nc3 a6 5.c5 Nbd7 6.Bf4 Nh5 7.e3 g6 8.Bd3 Bg7
9.O-O O-O 10.Bg5 Re8 11.Nd2 Bf6 12.Bxf6 Nhxf6 13.f4 b6 14.b4 a5 15.a3 Ba6
16.Nf3 Bxd3 17.Qxd3 axb4 18.axb4 b5  1/2-1/2

[Event "FSGM November"]
[Site "Budapest HUN"]
[Date "2003.11.10"]
[Round "10"]
[White "Hoang Thanh Trang"]
[Black "Sarakauskas,G"]
[Result "1/2-1/2"]
[WhiteElo "2463"]
[BlackElo "2428"]

1.d4 d5 2.c4 c6 3.Nf3 Nf6 4.Nc3 a6 5.e3 b5 6.b3 Bg4 7.Be2 e6 8.O-O Nbd7 9.h3 Bh5
10.Bb2 Bd6 11.Ne5 Bxe2 12.Nxe2 Qc7 13.cxd5 cxd5 14.Rc1 Qb8 15.Nxd7 Kxd7 16.f3 Qb7
17.Qd3 Ke7 18.Nc3 b4 19.Na4 Qb5  1/2-1/2

[Event "FSGM November"]
[Site "Budapest HUN"]
[Date "2003.11.12"]
[Round "12"]
[White "Ovsejevitsch,S"]
[Black "Seres,L"]
[Result "1/2-1/2"]
[WhiteElo "2510"]
[BlackElo "2510"]

1.d4 d5 2.c4 c6 3.Nf3 Nf6 4.Nc3 a6 5.e3 b5 6.b3 Bg4 7.Be2 e6 8.O-O Nbd7 9.Bb2 Bd6
10.h3 Bh5 11.Ne5 Bxe2 12.Nxe2 Qc7 13.cxd5 cxd5 14.Rc1 Qb8 15.Nxd7 Nxd7 16.e4 O-O
17.exd5 exd5 18.Rc6 Rd8 19.Nc1 Rc8 20.Rxc8+ Qxc8 21.Nd3 Qb7 22.Qf3 Rc8 23.Rc1 Rxc1+
24.Bxc1 Nf8 25.Bf4  1/2-1/2

[Event "1st Chesspangenberg Open"]
[Site "Buenos Aires ARG"]
[Date "2003.11.12"]
[Round "8"]
[White "Garcia Palermo,C"]
[Black "Devcic,M"]
[Result "1-0"]
[WhiteElo "2443"]
[BlackElo "2328"]

1.d4 d5 2.c4 c6 3.Nf3 Nf6 4.Nc3 a6 5.cxd5 cxd5 6.Bg5 e6 7.e3 Be7 8.Bd3 Nc6
9.O-O h6 10.Bh4 O-O 11.Rc1 Ne8 12.Bxe7 Qxe7 13.Na4 Bd7 14.Nc5 Nb4 15.Bb1 Bb5
16.Re1 b6 17.Na4 Qb7 18.a3 Nc6 19.Nc3 Na7 20.e4 Nf6 21.e5 Nh7 22.Qc2 g6 23.h4 Rfc8
24.h5 Be8 25.Nh4 Nf8 26.Qd2 Kg7 27.Re3 Qe7 28.Rh3 gxh5 29.Nxd5 Qd8 30.Nf6 Rxc1+
31.Qxc1 Qxd4 32.Nxh5+ Kg8 33.Nf6+  1-0

[Event "Friendship IM"]
[Site "Cartak CZE"]
[Date "2003.11.12"]
[Round "2"]
[White "Volodin,V"]
[Black "Schwarz,D"]
[Result "1-0"]
[WhiteElo "2248"]
[BlackElo "2272"]

1.Nf3 d5 2.d4 Nf6 3.c4 c6 4.Nc3 a6 5.a4 e6 6.Bg5 Be7 7.e3 O-O 8.Qb3 Nbd7
9.Bd3 c5 10.O-O cxd4 11.exd4 dxc4 12.Bxc4 Nb6 13.Bd3 Nbd5 14.Rad1 b6 15.Bc4 Bb7
16.Bxf6 Bxf6 17.Nxd5 Bxd5 18.Bxd5 Qxd5 19.Qxd5 exd5 20.Ne5 Rfd8 21.f4 Rac8
22.Rc1 g6 23.Kf2 Bg7 24.Nc6 Re8 25.Ne7+ Rxe7 26.Rxc8+ Bf8 27.Re1  1-0

[Event "TCh-FIN 2003-4"]
[Site "Finland FIN"]
[Date "2003.11.16"]
[Round "5"]
[White "Niemela,A"]
[Black "Koskinen,Hen"]
[Result "0-1"]
[WhiteElo "2268"]
[BlackElo "2271"]

1.d4 d5 2.c4 c6 3.Nf3 Nf6 4.Nc3 a6 5.c5 Nbd7 6.Bf4 Nh5 7.e3 g6 8.Bd3 Bg7
9.O-O O-O 10.b4 a5 11.a3 b6 12.Qd2 bxc5 13.bxc5 f6 14.Rac1 e5 15.dxe5 Nxf4
16.exf4 fxe5 17.Nxe5 Nxe5 18.fxe5 Bxe5 19.Ne2 Qf6 20.Rb1 Qe7 21.Qc2 Bg4 22.f3 Bd7
23.f4 Bg7 24.Rf2 Rf7 25.g3 Bf8 26.Rc1 Qe3 27.Qc3 Bg7 28.Qc2 Rb8 29.Rb1 Rxb1+
30.Qxb1 Bf8  0-1